Kpop Anagramme groupe - Statistiques

Statistiques générales
  • Ce quiz a été pris 3 693 fois
  • Le résultat moyen est 8 sur 20
Statistiques - réponses
Réponse % Correct
GOT7
94%
TXT
94%
2PM
90%
AOA
90%
EXO
90%
ITZY
90%
NCT
90%
(G)I-DLE
89%
IVE
89%
BTS
88%
2AM
86%
CIX
83%
MAMAMOO
83%
X1
83%
aespa
82%
NMIXX
82%
IZ*ONE
81%
CLC
79%
ENHYPEN
79%
f(x)
79%
DAY6
78%
P1Harmony
77%
ACE
76%
KARD
76%
SEVENTEEN
76%
Red Velvet
75%
ATEEZ
74%
fromis_9
74%
VIVIZ
74%
WayV
74%
2NE1
73%
BTOB
72%
I.O.I
72%
Kep1er
72%
VIXX
71%
DIA
69%
iKON
68%
PIXY
68%
BLACKPINK
67%
KARA
67%
LE SSERAFIM
67%
NewJeans
67%
S.E.S
62%
TWICE
62%
H.O.T
61%
LOONA
60%
BIGBANG
59%
STAYC
59%
MOMOLAND
57%
T-ARA
56%
A.C.E
54%
Billlie
54%
BUZZ
54%
EVERGLOW
54%
ONEUS
53%
Dreamcatcher
51%
B.A.P
50%
G.O.D
49%
EXID
48%
TVXQ!
47%
ASTRO
46%
Stray Kids
46%
BLACKSWAN
44%
MCND
44%
PENTAGON
44%
AB6IX
43%
WJSN
43%
MONSTA X
41%
SHINee
40%
THE BOYZ
40%
4Minute
39%
Block B
39%
NU'EST
38%
SISTAR
38%
Apink
36%
GHOST9
35%
OMEGA X
34%
INFINITE
33%
Weeekly
33%
WINNER
33%
TREASURE
32%
CLASS:y
31%
GFRIEND
31%
KINGDOM
31%
CRAVITY
30%
Wanna One
30%
TEMPEST
29%
Noel
28%
Lovelyz
27%
VICTON
27%
PRISM
26%
VERIVERY
26%
Weki Meki
25%
APRIL
23%
D1CE
23%
miss A
23%
Xdinary Heroes
23%
OH MY GIRL
22%
PURPLE KISS
22%
SUPER JUNIOR
22%
MIRAE
21%
Girls' Generation
20%
SuperM
19%
NATURE
18%
PRISTIN
16%
Jewelry
14%
LIGHTSUM
14%
Girl's Day
13%
Golden Child
13%
Shinhwa
13%
TRAXX
11%
Epik High
9%
RaNia
9%
Cherry Bullet
8%
Ciipher
8%
SS501
8%
Supernova
8%
Stellar
7%
The Rose
7%
Rocket Punch
6%
Wonder Girls
6%
Brave Girls
5%
Fin. K. L
5%
LIMITLESS
5%
Seven O’Clock
5%
Brown Eyed Girls
4%
Crayon Pop
3%
FT ISLAND
3%
GOT the beat
3%
HOT ISSUE
3%
SPECTRUM
3%
BABY V.O.X
2%
Forestella
2%
LADIES' CODE
2%
Pink Fantasy
2%
Sechs Kies
2%
SNUPER
2%
Spica
2%
AFTER SCHOOL
1%
Orange Caramel
1%
B2ST (BEAST)
0%
Fly To The Sky
0%
Girls' Generation-TTS
0%
SG WANNABE
0%
Aucun quiz correspondant
Distribution des résultats
% des personnes avec chaque résultat
Percentile par nombre de réponses
Votre historique - résultats
Vous n’avez pas pris ce quiz